02161nam a2200421 a 4500001001200000003000800012006001900020007001500039008004100054010001700095020001500112020001800127020001800145020002700163040002100190035002100211043001200232050002600244082002100270245008700291260004800378300002400426490005700450504005100507505052400558533015201082650004101234650003401275650005001309655002901359700002401388710004801412710005401460710001701514830006501531856012601596999001701722ebr10671183CaPaEBRm u cr cn|||||||||110602s2009 nyua sb 001 0 eng d z 2011282116 z1606923552 z9781606923542 z9781606923559 z9781614703426 (e-book) aCaPaEBRcCaPaEBR a(OCoLC)759116914 an-us---14aHV551.3b.N354 2009eb04a363.34/8097322300aNational emergency responsesh[electronic resource] /cPaul B. Merganthal, editor. aNew York :bNova Science Publishers,c2009. avii, 141 p. :bill.1 aNatural disaster research, prediction and mitigation aIncludes bibliographical references and index.0 aNational response framework, January 2008 / U.S. Department of Homeland Security -- National response framework : Fema needs policies and procedures to better integrate non-federal stakeholders in the revision process / United States Government Accountability Office -- Emergency management : observations on DHS's preparedness for catastrophic disasters / William O. Jenkins, Jr. -- Emergency management : GAO responses to post-hearing questions for the record / United States Government Accountability Office - Index. aElectronic reproduction.bPalo Alto, Calif. :cebrary,d2013.nAvailable via World Wide Web.nAccess may be limited to ebrary affiliated libraries. 0aEmergency managementzUnited States. 0aCivil defensezUnited States. 0aIntergovernmental cooperationzUnited States. 7aElectronic books.2local1 aMerganthal, Paul B.1 aUnited States.bDept. of Homeland Security.1 aUnited States.bGovernment Accountability Office.2 aebrary, Inc. 0aNatural disaster research, prediction and mitigation series.40uhttp://site.ebrary.com/lib/rucke/Doc?id=10671183zAn electronic book accessible through the World Wide Web; click to view c62340d62340